Methode, Methoden und Methodik ein Vortrag /

Elmentve itt :
Bibliográfiai részletek
Szerző: Capesius J.
Dokumentumtípus: Cikk
Megjelent: 1889
Sorozat:Kolligátum
Kulcsszavak:Neveléselmélet - 19. sz., Pedagógia, Oktatás - 19. sz.
Online Access:http://misc.bibl.u-szeged.hu/23673
LEADER 00581nab a2200169 i 4500
001 misc23673
005 20191108150510.0
008 171005s1889 hu o 0|| zxx d
040 |a SZTE Miscellanea Repozitórium  |b hun 
041 |a zxx 
100 1 |a Capesius J. 
245 1 0 |a Methode, Methoden und Methodik   |h [elektronikus dokumentum] :  |b ein Vortrag /  |c  Capesius J. 
260 |c 1889 
300 |a 1-27 
490 0 |a Kolligátum 
695 |a Neveléselmélet - 19. sz., Pedagógia, Oktatás - 19. sz. 
856 4 0 |u http://misc.bibl.u-szeged.hu/23673/1/koll_008_006_001-027.pdf  |z Dokumentum-elérés